[Event "GER theme 29-C47-E email"]
[Site "GER email"]
[Date "2008.01.14"]
[Round "?"]
[White "Tauch, Markus"]
[Black "Herbold, Manfred"]
[Result "1/2-1/2"]
[WhiteElo "1640"]
[BlackElo "1640"]
[PlyCount "30"]
[EventDate "2008.??.??"]
[EventType "tourn (corr)"]
[EventRounds "8"]
[EventCountry "GER"]
[SourceTitle "Corr 2011"]
[Source "ChessBase"]
[SourceDate "2010.08.31"]
[SourceVersion "1"]
[SourceVersionDate "2010.08.31"]
[SourceQuality "1"]

1. e4 e5 2. Nf3 Nc6 3. Nc3 Nf6 4. Nxe5 Nxe5 5. d4 Ng6 6. e5 Ng8 7. Bc4 d6 8. Qf3 Qd7 9. h4 dxe5 10. h5 Nf4 11. dxe5 Ne6 12. 0-0 c6 13. Rd1 Qc7 14. Bf4 Bd7 15. Be3 Ne7 1/2-1/2

[Event "Griesheim op"]
[Site "Griesheim"]
[Date "2007.05.12"]
[Round "2"]
[White "Spitzl, Bertram"]
[Black "Tauch, Markus"]
[Result "1/2-1/2"]
[WhiteElo "2227"]
[BlackElo "1773"]
[PlyCount "118"]
[EventDate "2007.05.11"]
[EventType "swiss"]
[EventRounds "5"]
[EventCountry "GER"]
[SourceTitle "EXT 2011"]
[Source "ChessBase"]
[SourceDate "2010.11.26"]
[SourceVersion "1"]
[SourceVersionDate "2010.11.26"]
[SourceQuality "1"]

1. Nf3 d6 2. d4 Bg4 3. Nbd2 Nf6 4. c3 c6 5. Qb3 Qb6 6. Qxb6 axb6 7. e4 Bxf3 8. gxf3 e5 9. Rg1 Nbd7 10. Bc4 b5 11. Bb3 c5 12. d5 c4 13. Bc2 Nc5 14. Nf1 g6 15. Ng3 h5 16. h4 Bh6 17. Be3 Bxe3 18. fxe3 Ke7 19. Kd2 Ra7 20. a3 b6 21. Rad1 Raa8 22. Ne2 Rag8 23. Rg2 Rg7 24. Rdg1 Kd7 25. Rg5 Rgh7 26. Nc1 Ke7 27. Na2 Re8 28. Nb4 Rhh8 29. Nc6+ Kd7 30. Bd1 Nh7 31. R5g2 Nf6 32. Be2 Nb3+ 33. Kc2 Nc5 34. Na7 Ra8 35. Nxb5 Ra4 36. b4 cxb3+ 37. Kb2 Rha8 38. Ra1 R4a5 39. c4 Ne8 40. Bd1 Nc7 41. Nxc7 Kxc7 42. Bxb3 Nd3+ 43. Kc3 Rxa3 44. Rb1 Nc5 45. Kb4 Nxb3 46. Rxb3 R8a4+ 47. Kc3 Rxb3+ 48. Kxb3 Ra1 49. f4 Re1 50. f5 Rxe3+ 51. Kb4 Rxe4 52. fxg6 fxg6 53. Rxg6 Rxh4 54. Kb5 Rg4 55. Rh6 Rg7 56. Rxh5 Re7 57. Rh3 e4 58. Re3 Kb7 59. Kb4 Ka6 1/2-1/2